पुराण - परिशीलन (Record no. 1464386)

MARC details
000 -LEADER
fixed length control field 01183 a2200277 4500
003 - CONTROL NUMBER IDENTIFIER
control field OSt
005 - DATE AND TIME OF LATEST TRANSACTION
control field 20260310104812.0
008 - FIXED-LENGTH DATA ELEMENTS--GENERAL INFORMATION
fixed length control field 260309b |||||||| |||| 00| 0 eng d
020 ## - INTERNATIONAL STANDARD BOOK NUMBER
International Standard Book Number 9789348029928 (खण्ड 1) (hbk)
020 ## - INTERNATIONAL STANDARD BOOK NUMBER
International Standard Book Number 9789348029317 (खण्ड 2) (hbk)
037 ## - SOURCE OF ACQUISITION
Terms of availability REF
040 ## - CATALOGING SOURCE
Transcribing agency CRL
Original cataloging agency CRL
084 ## - COLON CLASSIFICATION NUMBER
Classification number Q21:22:g 152R5.1-.2 (RR)
Assigning agency CRL
100 ## - MAIN ENTRY--PERSONAL NAME
Personal name चतुर्वेदी, गिरिधर शर्मा
9 (RLIN) 847076
245 ## - TITLE STATEMENT
Title पुराण - परिशीलन
260 ## - PUBLICATION, DISTRIBUTION, ETC.
Place of publication, distribution, etc. नयी दिल्ली, भारत:
Name of publisher, distributor, etc. किताबवाले,
Date of publication, distribution, etc. 2025.
300 ## - PHYSICAL DESCRIPTION
Extent भाग 1 (1-370पृ.), भाग 2 (374-565पृ.)
365 ## - TRADE PRICE
Price amount Vol. - 2000.00
Currency code INR
365 ## - TRADE PRICE
Price amount Vol. 2 - 1100.00
Currency code INR
490 ## - SERIES STATEMENT
Series statement अमृत वाड़्मय
650 ## - SUBJECT ADDED ENTRY--TOPICAL TERM
Topical term or geographic name entry element धर्म
650 ## - SUBJECT ADDED ENTRY--TOPICAL TERM
Topical term or geographic name entry element पुराण
9 (RLIN) 849911
942 ## - ADDED ENTRY ELEMENTS (KOHA)
Koha item type Textbook
Source of classification or shelving scheme Colon Classification (CC)
Classification part Q21:22:g 152R5.1-.2 (RR)
Holdings
Withdrawn status Lost status Source of classification or shelving scheme Damaged status Not for loan Home library Current library Date acquired Source of acquisition Cost, normal purchase price Serial Enumeration / chronology Inventory number Total Checkouts Full call number Barcode Date last seen Cost, replacement price Price effective from Koha item type
    Colon Classification (CC)     Central Library Central Library 2025-11-27 25/ ईस्टर्न बुक लिंकर्स 1600.00 भाग - .1 59 & 2025-11-14   Q21:22:g 152R5.1 CL1924636 2025-11-27 2000.00 2025-11-27 Reference
    Colon Classification (CC)     Central Library Central Library 2025-11-27 25/ ईस्टर्न बुक लिंकर्स 880.00 भाग - .2 59 & 2025-11-14   Q21:22:g 152R5.2 CL1924637 2025-11-27 1100.00 2025-11-27 Reference
Copyright @ Delhi University Library System